| 000 | 00529nam a22001697a 4500 | ||
|---|---|---|---|
| 003 | PILC | ||
| 005 | 20150527091356.0 | ||
| 008 | 150526b xxu||||| |||| 00| 0 eng d | ||
| 050 |
_aNA 2728 _b.In59 1995 |
||
| 245 |
_aInstallation guide : _bHP scanjet 4p scanner (windows computer version) / |
||
| 260 |
_aUS : _bHewlett-Packard Co., _c1995. |
||
| 300 |
_avi, B-6 pages : _billustrations ; _c24 cm. |
||
| 500 | _aIncludes glossary and index. | ||
| 650 | _aInstallation guide. | ||
| 650 | _aUser's guide. | ||
| 942 |
_2lcc _cBK _kFOR |
||
| 999 |
_c284367 _d284367 |
||